00564 2200205 4500001002100000005001500021035002000036007000300056008004100059020002200100082001900122084002500141100001500166245006100181250001100242260003900253300002900292650002500321990001200346INLIS00000000000042020170930101300 a0010-0917000406ta170930 f 0 ind  a978-979-592-542-2 a320.540.956.94 a320.540.956.94 ART j0 aArtawijaya1 aJaringan Yahudi Internasional di Nusantara /cArtawijaya aCet. 1 aJakarta Timur :bAl Kautsar,c2011 a296hlm ;c13,5 x 21,5 cm aOrganisasi, Golongan a13416 a